DSMP members by hint - Statistics

General Stats
  • This quiz has been taken 361 times
  • The average score is 8 of 16
Answer Stats
Hint Answer % Correct
off-brand teletubby dream
93%
crow father philza
84%
pet slaughterer sapnap
82%
currently going through the 5 stages of grief tubbo
79%
shark on land foolish
67%
once there was a special place wilbursoot
64%
abandoned by his father fundy
57%
king of all but the people the eret
55%
lemons ponk
45%
commandeered a hotel jackmanifold
44%
trapped 100 kids skeppy
42%
dont let pandora out awesamdude
38%
your local therapist captainpuffy
37%
S-L-A-V antfrost
14%
hi i'm burger slimecicle
13%
literally logged on like twice with a gingerbreadman vikkstar123
7%
No matching quizzes found
Score Distribution
Percent of People with Each Score
Percentile by Number Answered
Your Score History
You have not taken this quiz